LIBRARY & INFORMATION CENTRE, KCAET, TAVANUR

ONLINE PUBLIC ACCESS CATALOGUE (OPAC)

Thengu / (Record no. 10863)

MARC details
000 -LEADER
fixed length control field 00598cam a2200253ua 4500
041 ## - LANGUAGE CODE
Language code of text/sound track or separate title mal
082 ## - DEWEY DECIMAL CLASSIFICATION NUMBER
Classification number 634.61
Item number VAR/TH
100 ## - MAIN ENTRY--AUTHOR NAME
Personal name Varghese , K C .
245 ## - TITLE STATEMENT
Title Thengu /
250 ## - EDITION STATEMENT
Edition statement 1 /
260 ## - PUBLICATION, DISTRIBUTION, ETC. (IMPRINT)
Place of publication Thrissur :
Name of publisher Kerala Agricultural University ,
Year of publication 1980.
300 ## - PHYSICAL DESCRIPTION
Number of Pages 55 ; .
942 ## - ADDED ENTRY ELEMENTS (KOHA)
Koha item type Books
Holdings
Withdrawn status Lost status Damaged status Home library Current library Date acquired Full call number Accession Number Koha item type
      KAUAET KAUAET 07/04/2012 634.61 14361 Books
      KAUAET KAUAET 07/04/2012 634.61 14358 Books
      KAUAET KAUAET 07/04/2012 634.61 14359 Books
      KAUAET KAUAET 07/04/2012 634.61 14364 Books
      KAUAET KAUAET 07/04/2012 634.61 14363 Books
      KAUAET KAUAET 07/04/2012 634.61 14366 Books
      KAUAET KAUAET 07/04/2012 634.61 14360 Books
      KAUAET KAUAET 07/04/2012 634.61 14365 Books
      KAUAET KAUAET 07/04/2012 634.61 14357 Books
free website counter